000
00294nam a22001337a 4500
008
171101b xxu||||| |||| 00| 0 eng d
020
_a
9780415929226
041
_a
eng
080
_a
339.9
100
_a
59
101
_a
GLO
245
_a
GLOBALIZATION THE READER
_c
JOHN.B
942
_2
udc
_c
BK
999
_c
37133
_d
37133